| 000 | 00660nam a2200241Ia 4500 | ||
|---|---|---|---|
| 003 | OSt | ||
| 005 | 20220924124714.0 | ||
| 006 | a|||||r|||| 00| 0 | ||
| 007 | ta | ||
| 008 | 220923b |||||||| |||| 00| 0 urd d | ||
| 020 | _c9.00 | ||
| 024 | _a319924 | ||
| 037 | _cTextual | ||
| 040 |
_aARTS _cARTS _burd |
||
| 041 |
_2urd _aurd |
||
| 082 | _aO28,3x, 168M4 | ||
| 100 | _aAmeen Mohammad Au. | ||
| 245 | 0 | _aMisr aur shumali Africa ki kahaniyan | |
| 260 |
_aNew Delhi _b Taraqqi urdu beuro India _c1984 |
||
| 650 |
_aARABIC FICTION _964594 |
||
| 942 |
_hO28,3x, 168M4 _cTEXL _2CC |
||
| 999 |
_c420672 _d420672 |
||